000 00264nam a2200097Ia 4500
001 1252417
005 20251031150934.0
008 251031s9999 xx 000 0 und d
245 0 _cJACOPO OLİVİERİ
_aŞ-4 NEWTON FİZİK SİHİRBAZI
260 _bDOMİNGO YAYINLARI
999 _c1252417
_d1252417